Obálka Náhled e-knihy:
PDF
Pro půjčování e-knih musíte být přihlášeni.
Jak si půjčit online?

Nejkrásnější dárek /

Veršovaný obrázkový příběh o dvou přátelích, kteří pro sebe přichystali vánoční dárky.

Uloženo v:
Hlavní autor: Coulmann, Jennifer, 1988- (Autor, Ilustrátor)
Další autoři: Olivová, Jana (Autor)
Médium: E-kniha
Jazyk:Czech
Vydáno: V Praze : Fragment, 2022
Vydání:1. vydání
Témata:
Tagy:
Žádné tagy
LEADER 02647nam a2200517 i 4500
001 312375
003 CZ PrSKC
005 20260601215721.0
007 ta
008 221107s2022 xr a a 000 p cze
015 |a cnb003471006 
020 |a 9788025361030  |q (vázáno) :  |c Kč 269,00 
035 |a (OCoLC)1357139084 
040 |a ABG001  |b cze  |e rda 
041 1 |a cze  |h ger 
072 7 |a 821.112.2-1  |x Německá poezie, německy psaná  |2 Konspekt 
072 7 |a 821-93  |x Literatura pro děti a mládež (beletrie)  |2 Konspekt 
080 |a 821.112.2-1  |2 MRF 
080 |a 821-93  |2 MRF 
080 |a (0.027.6)74/77  |2 MRF 
080 |a (0:82-1)  |2 MRF 
100 1 |a Coulmann, Jennifer,  |d 1988-  |7 xx0278411  |4 aut  |4 ill 
240 1 0 |a Von kleinen und großen Geschenken.  |l Česky 
245 1 0 |a Nejkrásnější dárek /  |c Jennifer Coulmannová ; z německého originálu Von kleinen und großen Geschenken ... přeložila Jana Olivová 
250 |a 1. vydání 
264 1 |a V Praze :  |b Fragment,  |c 2022 
300 |a 28 nečíslovaných stran :  |b barevné ilustrace ;  |c 28 cm 
336 |a text  |b txt  |2 rdacontent 
336 |a statický obraz  |b sti  |2 rdacontent 
337 |a bez média  |b n  |2 rdamedia 
338 |a svazek  |b nc  |2 rdacarrier 
520 2 |a Veršovaný obrázkový příběh o dvou přátelích, kteří pro sebe přichystali vánoční dárky.  |b Medvěd většinou tráví Vánoce sladkým zimním spánkem, ale tentokrát se rozhodl zůstat vzhůru. Na Štědrý den si totiž chce s myšákem vyměnit dárky! Ale ouha, jeho velké tlapy si s krásně zabaleným dárkem od malého kamaráda neumí poradit. Nebude se na něj myšák zlobit? Naštěstí medvědovi ostatní zvířátka poradí, co udělat, a všichni tak prožijí ty nejúžasnější společné Vánoce. Nakladatelská anotace. Kráceno. 
521 8 |a Pro děti od 3 let 
655 7 |a německá poezie  |7 fd132939  |2 czenas 
655 7 |a autorské knihy  |7 fd756049  |2 czenas 
655 7 |a publikace pro děti  |7 fd133156  |2 czenas 
655 9 |a German poetry  |2 eczenas 
655 9 |a authors' books  |2 eczenas 
655 9 |a children's literature  |2 eczenas 
700 1 |a Olivová, Jana  |7 ola20201069150  |4 trl 
900 |a ABA001  |b 20 
928 9 |a Albatros Media - Fragment 
044 |a xr 
910 |a RBIT002 
998 |d 404306  |a https://core.palmknihy.cz/api/books/404306/cover?scvkcm  |b https://core.palmknihy.cz/api/books/404306/cover/400?scvkcm  |c https://core.palmknihy.cz/api/books/404306/cover/50?scvkcm  |e 2027-02-14  |g 32  |i 9788025361030  |k https://core.palmknihy.cz/api/books/404306/preview.pdf  |l   |q 49  |r 1  |s https://www.palmknihy.cz/kniha/404306  |t ebook  |y 2023  |z 0 
999 |d 312373